| 000 | 00546nam a2200181 i 4500 | ||
|---|---|---|---|
| 001 | 28488 | ||
| 003 | ES-MaACL | ||
| 005 | 20230906153849.0 | ||
| 007 | t| | ||
| 008 | 030117s1930 sp ||||1| spa d | ||
| 100 | 1 |
_aBaeschlin, Alfredo. _924602 |
|
| 245 | 1 | 0 |
_aCasas de campo españolas / _cAlfredo Baeschlin ; con un prólogo de Martín Noel. |
| 260 |
_aBarcelona : _bEd. Canosa, _c1930. |
||
| 300 |
_a166 p. ; _c38 cm. |
||
| 650 | 4 |
_aArquitectura popular- _zEspaña. _9138053 |
|
| 700 | 0 |
_aNoel, Martín S. _985827 |
|
| 852 |
_aES-MaACL _jB-5508 |
||
| 999 |
_c28488 _d28488 |
||